000
00306nam a2200121Ia 4500
008
240624s9999 xx 000 0 und d
041
_a
eng
082
_a
658.4022 FOR
100
_a
FORSYTH DONELSON R
245
_a
GROUP DYNAMICS
260
_c
2007
_a
New Delhi
_b
Thomson
300
_a
xxii, : 682 : p. : cm. ; 24
999
_c
8689
_d
8689